000 00792nam a2200265Ia 4500
003 OSt
005 20220925204929.0
006 a|||||r|||| 00| 0
007 ta
008 220923b |||||||| |||| 00| 0 eng d
037 _cGeneral Book
040 _aRTL
_cRTL
_beng
041 _2eng
_aeng
082 _aY9(X:89Q1), L8
100 _aMaruyama Magoroh
_9269281
245 0 _aCultures of the future
260 _aHague
_bMouton
_c1978
300 _axxii, 667p
_ccm.
490 _aWorld Anthropology
500 _aBibliography Chapterwise; Appendix: P 635-44
650 _aQuality Control Sociology
_9234803
700 _a Harkins Arthur Ed.
_9269282
942 _hY9(X:89Q1), L8
_cGB
_2CC
999 _c550806
_d550806